| 000 | 00542nam a2200145Ia 4500 | ||
|---|---|---|---|
| 008 | 100122s9999 xx 000 0 und d | ||
| 082 |
_b19148 _a700 |
||
| 100 | _aभट म दा | ||
| 245 | _aमहाराष्ट्रचा कुंडली संग्रह | ||
| 260 |
_bजोशी ब्रदर्स _c1973 |
||
| 300 | _a464 | ||
| 630 | _aमहाराष्ट्रचा कुंडली संग्रह | ||
| 730 | _aमहाराष्ट्रचा कुंडली संग्रह | ||
| 942 | _cBOOK | ||
| 999 |
_c408286 _d408283 |
||